000 00652nam a22001937a 4500
999 _c189625
_d189625
005 20220707170351.0
010 _aUR-11634
020 _a9789392496127
_c112.00
035 _aU-10189
037 _bDBAD/PUB
_a-
082 _a841.08
100 _aمحمد نصیر رمضان
245 _aتھوڑا سا آسما ن /
_cمحمد نصیر رمضان
_hا ر د و
246 _aThoda Sa Aasman /
_bby Mohammed Naseer Ramzan
260 _aNew Delhi
_bEducational Publishing House
_c2021 ء
270 _aH.o. D1/16, Ansari Road, Daryaganj
_bNew Delhi
_e110002
300 _a112 ص
_c22cm(Hb)
942 _2ddc
_cUR
_h841.08
_mم ح م